ბათუმის შოთა რუსთაველის სახელმწიფო უნივერსიტეტის ბიბლიოთეკა

კომუნიკაციური ლინგვისტიკა (ბიბ.ჩანაწერი № 34854)

000 -LEADER
fixed length control field 00623nam a2200217Ia 4500
001 - CONTROL NUMBER
control field 672
003 - CONTROL NUMBER IDENTIFIER
control field GE_BSU
008 - FIXED-LENGTH DATA ELEMENTS--GENERAL INFORMATION
fixed length control field 181216s||||||||xx |||||||||||||| ||und||
020 ## - INTERNATIONAL STANDARD BOOK NUMBER
International Standard Book Number 999402325X
040 ## - CATALOGING SOURCE
Transcribing agency GE_BSU
080 ## - UNIVERSAL DECIMAL CLASSIFICATION NUMBER
Universal Decimal Classification number 81
100 ## - MAIN ENTRY--PERSONAL NAME
Personal name ლებანიძე, გ.
245 ## - TITLE STATEMENT
Title კომუნიკაციური ლინგვისტიკა
260 ## - PUBLICATION, DISTRIBUTION, ETC.
Place of publication, distribution, etc. თბილისი
260 ## - PUBLICATION, DISTRIBUTION, ETC.
Name of publisher, distributor, etc. ენა და კულტურა
260 ## - PUBLICATION, DISTRIBUTION, ETC.
Date of publication, distribution, etc. 2004
300 ## - PHYSICAL DESCRIPTION
Extent 325 გვ.
653 ## - INDEX TERM--UNCONTROLLED
Uncontrolled term კომუნიკაციური ლინგვისტიკა
942 ## - ADDED ENTRY ELEMENTS (KOHA)
Koha item type წიგნი
ეგზემპლარები
Withdrawn status Lost status Damaged status Not for loan Date acquired Barcode Date last seen Price effective from Koha item type Public note
        2018-12-17 1460 2018-12-17 2018-12-17 წიგნი დარბაზი